000
00205nam a2200085Ia 4500
008
230915s9999 xx 000 0 und d
050
_a
SB 111 .T7 W 43
245
0
_a
AGRICULTURE IN THE TROPICS
942
_c
BK
999
_c
201680
_d
201680